[Event "EU-ch Amateur Online Final 2000/2300"]
[Site "Tornelo INT"]
[Date "2021.04.28"]
[Round "3"]
[White "Svenn, Gosta"]
[Black "Magalakis, Stefanos"]
[Result "1-0"]
[WhiteElo "2276"]
[BlackElo "2030"]
[PlyCount "141"]
[EventDate "2021.04.28"]
[EventType "swiss (rapid)"]
[EventRounds "9"]
[EventCountry "NET"]
[SourceTitle "EXT 2023"]
[Source "ChessBase"]
[SourceDate "2022.10.05"]
[SourceVersion "1"]
[SourceVersionDate "2022.10.05"]
[SourceQuality "1"]

1. d4 Nf6 2. c4 e6 3. Nf3 Bb4+ 4. Bd2 a5 5. g3 d6 6. Bg2 Nbd7 7. 0-0 e5 8. Nc3 exd4 9. Nxd4 0-0 10. Qc2 Bc5 11. Nf5 Ne5 12. Nd5 Nxd5 13. cxd5 Qf6 14. Ne3 Bd7 15. Kh1 Qg6 16. Qxg6 hxg6 17. h3 g5 18. Rac1 a4 19. Kh2 Rfe8 20. Rc2 Bb5 21. Bc1 Nd7 22. Bf3 Nf6 23. Nd1 g4 24. hxg4 Ba6 25. Be3 Nd7 26. Bxc5 Nxc5 27. Ne3 Re5 28. Kg2 Rae8 29. Rh1 g6 30. Rcc1 Kg7 31. Rh4 Rh8 32. Rch1 Rxh4 33. gxh4 Bb5 34. Rc1 Ba6 35. Kg3 Re7 36. g5 b6 37. h5 Bc8 38. h6+ Kh7 39. Rc4 Bd7 40. Ng4 Bxg4 41. Rxg4 Re5 42. Kh4 Re7 43. Rf4 Kg8 44. Rd4 Re5 45. Rf4 Re7 46. Kg4 Re5 47. Rd4 Re7 48. e3 Nd7 49. Bg2 Nc5 50. Kg3 Re5 51. Kg4 Re7 52. e4 Re8 53. f4 Re7 54. f5 Re5 55. Bf3 Re8 56. Kf4 Re5 57. Bd1 b5 58. Bc2 Re8 59. Rd1 Kh7 60. Rf1 Nd7 61. Ke3 Ne5 62. fxg6+ fxg6 63. Kd4 Re7 64. Rf8 Rd7 65. Rb8 Nf3+ 66. Ke3 Nxg5 67. Rxb5 Kxh6 68. Bxa4 Re7 69. Rb4 Nf7 70. Bc6 g5 71. a4 1-0

[Event "EU-ch Online 2300+ Qual"]
[Site "Chess.com INT"]
[Date "2020.05.29"]
[Round "2"]
[White "Svenn, Gosta"]
[Black "Kharatyan, Roman"]
[Result "0-1"]
[WhiteElo "2276"]
[BlackElo "1984"]
[PlyCount "120"]
[EventDate "2020.05.29"]
[EventType "swiss"]
[EventRounds "8"]
[EventCountry "NET"]
[SourceTitle "CBM 196 Extra"]
[Source "ChessBase"]
[SourceDate "2020.07.31"]
[SourceVersion "1"]
[SourceVersionDate "2020.07.31"]
[SourceQuality "1"]

1. d4 d5 2. c4 e6 3. Nf3 c6 4. Qc2 f5 5. g3 Nf6 6. Bg2 Bd6 7. 0-0 0-0 8. b3 Nbd7 9. Ba3 Bxa3 10. Nxa3 Qe7 11. Qb2 a5 12. Nc2 b6 13. Nce1 Ba6 14. Rc1 Rfc8 15. Nd3 Ra7 16. Rfd1 Rac7 17. Nfe5 Nxe5 18. Nxe5 Nd7 19. e3 Nxe5 20. dxe5 h6 21. Rd2 a4 22. Rcd1 Qb4 23. Rc1 b5 24. Bf1 a3 25. Qc2 bxc4 26. bxc4 dxc4 27. Rd4 Qb2 28. Bxc4 Bxc4 29. Qxc4 Kh7 30. Rc2 Qa1+ 31. Kg2 c5 32. Rd6 Qxe5 33. Rxe6 Qa1 34. Rd2 Qb1 35. Rd5 Qb7 36. Red6 Qb4 37. Qd3 Qe4+ 38. f3 Qxd3 39. Rxd3 Rb7 40. Rxa3 Rb2+ 41. Kh3 c4 42. Rc3 Rxa2 43. Rd4 Rb8 44. g4 fxg4+ 45. fxg4 Rbb2 46. Rdxc4 Rxh2+ 47. Kg3 Rag2+ 48. Kf3 Rf2+ 49. Kg3 Rhg2+ 50. Kh3 Rg1 51. Re4 Rf3+ 52. Kh2 Rfg3 53. Rc7 R1g2+ 54. Kh1 Rxg4 55. Ree7 Rg5 56. Re4 Kg6 57. Rc6+ Kh5 58. Rc7 Rg1+ 59. Kh2 R1g4 60. Ree7 Rh4# 0-1

[Event "EU-ch Online 2300+ Qual"]
[Site "Chess.com INT"]
[Date "2020.05.29"]
[Round "7"]
[White "Svenn, Gosta"]
[Black "Terbe, Julianna"]
[Result "0-1"]
[WhiteElo "2276"]
[BlackElo "2273"]
[PlyCount "106"]
[EventDate "2020.05.29"]
[EventType "swiss"]
[EventRounds "8"]
[EventCountry "NET"]
[SourceTitle "CBM 196 Extra"]
[Source "ChessBase"]
[SourceDate "2020.07.31"]
[SourceVersion "1"]
[SourceVersionDate "2020.07.31"]
[SourceQuality "1"]

1. d4 d5 2. c4 c6 3. Nf3 Nf6 4. e3 Bf5 5. Bd3 Bg6 6. Bxg6 hxg6 7. Qb3 Qc7 8. Nc3 e6 9. Bd2 Nbd7 10. h3 Be7 11. Rc1 Qb6 12. 0-0 0-0 13. Rfe1 Rab8 14. Qc2 dxc4 15. Nd1 Qc7 16. Qxc4 e5 17. dxe5 Nxe5 18. Nxe5 Qxe5 19. e4 Rfd8 20. Rc2 Rd4 21. Qb3 Rxe4 22. Ne3 Bd6 23. g3 Nd5 24. Kg2 a5 25. Nc4 Qe6 26. Rd1 a4 27. Qd3 Bc7 28. a3 Rd8 29. Qf3 Nf6 30. Ne3 Qb3 31. Rdc1 Be5 32. Bc3 Bxc3 33. Rxc3 Qxb2 34. Ng4 Nxg4 35. hxg4 Re2 36. Qf4 Rxf2+ 37. Qxf2 Rd2 38. R1c2 Rxf2+ 39. Kxf2 Qb6+ 40. Kg2 Qd4 41. g5 Qd5+ 42. Kf2 Qxg5 43. Rc4 Qf5+ 44. Kg2 g5 45. R2c3 g4 46. Rxa4 Qd5+ 47. Kh2 Qd2+ 48. Kh1 Qxc3 49. Rxg4 Qe1+ 50. Kg2 Qe2+ 51. Kh3 Qe6 52. a4 g6 53. a5 g5 0-1

[Event "SWE-chT 1718 Superettan"]
[Site "Sweden"]
[Date "2018.02.04"]
[Round "6.1"]
[White "Svenn, Gosta"]
[Black "Storme, Isak"]
[Result "0-1"]
[WhiteElo "2322"]
[BlackElo "2144"]
[PlyCount "90"]
[EventDate "2017.10.20"]
[EventType "team-tourn"]
[EventRounds "9"]
[EventCountry "SWE"]
[SourceTitle "EXT 2019"]
[Source "ChessBase"]
[SourceDate "2018.10.10"]
[SourceVersion "1"]
[SourceVersionDate "2018.10.10"]
[SourceQuality "1"]
[WhiteTeam "Kamraterna"]
[BlackTeam "Manhem"]
[WhiteTeamCountry "SWE"]
[BlackTeamCountry "SWE"]

1. d4 Nf6 2. c4 c5 3. d5 e6 4. Nc3 exd5 5. cxd5 d6 6. e4 g6 7. Nf3 Bg7 8. Bg5 0-0 9. Nd2 h6 10. Bh4 a6 11. a4 Re8 12. Be2 Nbd7 13. 0-0 g5 14. Bg3 Ne5 15. Qc2 Ng6 16. Nc4 Nf4 17. a5 Qe7 18. Rfe1 Nd7 19. Rad1 Ne5 20. Nxe5 Bxe5 21. Na4 Rb8 22. Nb6 Qf6 23. Nc4 Bd4 24. h3 Bd7 25. b4 Bb5 26. bxc5 Bxc5 27. Bf1 Rbc8 28. Qb3 Nh5 29. Rc1 Nxg3 30. Qxg3 Bb4 31. Re3 Bxc4 32. Rxc4 Rxc4 33. Bxc4 Bd2 34. Rf3 Bf4 35. Qg4 Qa1+ 36. Bf1 Rxe4 37. g3 Re1 38. Qc8+ Kg7 39. Qc4 Be5 40. Kg2 Rc1 41. Qg4 Bf6 42. Rxf6 Kxf6 43. Qf3+ Kg7 44. Bd3 Qe5 45. Be4 Rc4 0-1

[Event "SWE-chT 1718 Superettan"]
[Site "Sweden"]
[Date "2018.02.02"]
[Round "4.2"]
[White "Svenn, Gosta"]
[Black "Lindahl, Emil"]
[Result "1-0"]
[WhiteElo "2322"]
[BlackElo "2169"]
[PlyCount "105"]
[EventDate "2017.10.20"]
[EventType "team-tourn"]
[EventRounds "9"]
[EventCountry "SWE"]
[SourceTitle "EXT 2019"]
[Source "ChessBase"]
[SourceDate "2018.10.10"]
[SourceVersion "1"]
[SourceVersionDate "2018.10.10"]
[SourceQuality "1"]
[WhiteTeam "Kamraterna"]
[BlackTeam "Vaxjo"]
[WhiteTeamCountry "SWE"]
[BlackTeamCountry "SWE"]

1. Nf3 Nf6 2. c4 c5 3. g3 b6 4. Bg2 Bb7 5. 0-0 e6 6. Nc3 Be7 7. Re1 0-0 8. e4 d6 9. d4 cxd4 10. Nxd4 Qc8 11. b3 Nbd7 12. Bb2 a6 13. Rc1 Re8 14. h3 Qc7 15. Qe2 Rac8 16. Kh2 Qb8 17. Rcd1 Bf8 18. Qd2 Rcd8 19. f4 g6 20. Qf2 e5 21. Nde2 exf4 22. Nxf4 Bg7 23. Ncd5 Bxd5 24. exd5 b5 25. cxb5 axb5 26. Nd3 Rxe1 27. Rxe1 Re8 28. Rf1 Qd8 29. Nb4 Qe7 30. Nc6 Qe2 31. Bd4 Qd3 32. Qf3 Qxf3 33. Bxf3 h5 34. Kg2 Nh7 35. Bxg7 Kxg7 36. Nd4 b4 37. Nc6 Nhf6 38. Nxb4 Rb8 39. Nc6 Rb5 40. Rd1 Nb6 41. Rd3 Nbxd5 42. b4 Nb6 43. Rxd6 g5 44. Rd4 Na4 45. Na7 Re5 46. b5 Nc5 47. a4 Ne6 48. Rd2 g4 49. hxg4 hxg4 50. Bc6 Ng5 51. b6 Re3 52. b7 Rb3 53. Nb5 1-0

[Event "SWE-chT 1718 Superettan"]
[Site "Sweden"]
[Date "2017.10.20"]
[Round "1"]
[White "Svenn, Gosta"]
[Black "Malmstig, Erik"]
[Result "1/2-1/2"]
[WhiteElo "2322"]
[BlackElo "2300"]
[PlyCount "112"]
[EventDate "2017.10.20"]
[EventType "team-tourn"]
[EventRounds "9"]
[EventCountry "SWE"]
[SourceTitle "EXT 2019"]
[Source "ChessBase"]
[SourceDate "2018.10.10"]
[SourceVersion "1"]
[SourceVersionDate "2018.10.10"]
[SourceQuality "1"]
[WhiteTeam "Kamraterna"]
[BlackTeam "Umea Rockaden"]
[WhiteTeamCountry "SWE"]
[BlackTeamCountry "SWE"]

1. d4 Nf6 2. c4 g6 3. Nc3 Bg7 4. e4 d6 5. Nf3 0-0 6. Be2 Nbd7 7. 0-0 c5 8. d5 a6 9. a4 Ne8 10. Ra3 e5 11. dxe6 fxe6 12. Bg5 Bf6 13. Qd2 Ne5 14. Bxf6 Qxf6 15. Nxe5 Qxe5 16. Qh6 Bd7 17. h4 Ng7 18. Qg5 Bc6 19. Raa1 Rf4 20. Rad1 Raf8 21. g3 Rxe4 22. Qxe5 Rxe5 23. f4 Rxe2 24. Nxe2 Nf5 25. Rd3 d5 26. g4 dxc4 27. Rc3 Nxh4 28. Rf2 e5 29. Kh2 exf4 30. Rxf4 Re8 31. Ng3 b5 32. axb5 axb5 33. g5 Nf5 34. Nxf5 Re2+ 35. Kg3 Rg2+ 36. Kh4 gxf5 37. Rxf5 Rxb2 38. Re3 Bd7 39. Rxc5 Rd2 40. Re7 c3 41. g6 hxg6 42. Rxc3 Kh8 43. Re5 Kg7 44. Kg5 Rg2+ 45. Kf4 Kf6 46. Rd5 b4 47. Rc7 Rg4+ 48. Kf3 Bf5 49. Rb5 Rd4 50. Rcb7 Rd3+ 51. Kf2 Rd2+ 52. Kg3 Rd3+ 53. Kf2 Rd2+ 54. Kg3 Rd3+ 55. Kf2 Rd2+ 56. Kg3 Rd3+ 1/2-1/2

[Event "SWE Cup"]
[Site "Sweden"]
[Date "2017.03.05"]
[Round "5.2"]
[White "Renman, Nils Gustaf"]
[Black "Svenn, Gosta"]
[Result "1-0"]
[WhiteElo "2344"]
[BlackElo "2317"]
[PlyCount "79"]
[EventDate "2017.01.14"]
[EventType "team-tourn"]
[EventRounds "9"]
[EventCountry "SWE"]
[SourceTitle "EXT 2018"]
[Source "ChessBase"]
[SourceDate "2017.10.13"]
[SourceVersion "1"]
[SourceVersionDate "2017.10.13"]
[SourceQuality "1"]
[WhiteTeam "Norrkoping Schack 08"]
[BlackTeam "Kamraterna"]
[WhiteTeamCountry "SWE"]
[BlackTeamCountry "SWE"]

1. d4 d5 2. Nf3 Nf6 3. c4 e6 4. Nc3 Bb4 5. cxd5 exd5 6. Bg5 h6 7. Bxf6 Qxf6 8. Qa4+ Nc6 9. a3 Bxc3+ 10. bxc3 0-0 11. e3 Rd8 12. Be2 Bg4 13. h3 Bh5 14. 0-0 Rd6 15. c4 dxc4 16. Qxc4 Rad8 17. Qb5 g5 18. Qxb7 Rb8 19. Qxc7 Rb2 20. Bd1 Bg6 21. Rc1 Bd3 22. Re1 Qe6 23. Ba4 Be4 24. Bxc6 Bxc6 25. Ne5 Qf6 26. Nd3 Ra2 27. Ra1 Rc2 28. Rec1 Rd2 29. Rd1 Rc2 30. Rac1 Ra2 31. Qa5 Be4 32. Rd2 Ra6 33. Qb4 Rxd2 34. Qxd2 Rxa3 35. Nc5 Bc6 36. e4 Bb5 37. Qb2 Ra5 38. Nb7 Ra6 39. Qxb5 Rb6 40. Qd5 1-0

[Event "SWE Cup"]
[Site "Sweden"]
[Date "2017.03.04"]
[Round "6.2"]
[White "Lindberg, Bengt"]
[Black "Svenn, Gosta"]
[Result "1-0"]
[WhiteElo "2387"]
[BlackElo "2317"]
[PlyCount "107"]
[EventDate "2017.01.14"]
[EventType "team-tourn"]
[EventRounds "9"]
[EventCountry "SWE"]
[SourceTitle "EXT 2018"]
[Source "ChessBase"]
[SourceDate "2017.10.13"]
[SourceVersion "1"]
[SourceVersionDate "2017.10.13"]
[SourceQuality "1"]
[WhiteTeam "Vaxjo"]
[BlackTeam "Kamraterna"]
[WhiteTeamCountry "SWE"]
[BlackTeamCountry "SWE"]

1. e4 e5 2. Nf3 Nc6 3. Bb5 a6 4. Ba4 Nf6 5. 0-0 Be7 6. Re1 b5 7. Bb3 d6 8. c3 0-0 9. h3 h6 10. d4 Re8 11. Nbd2 Bf8 12. d5 Nb8 13. a4 Bb7 14. Qe2 Nbd7 15. Bc2 c6 16. dxc6 Bxc6 17. c4 bxa4 18. Bxa4 Bxa4 19. Rxa4 Nc5 20. Ra3 a5 21. Nh2 a4 22. Ng4 Nxg4 23. Qxg4 Qc8 24. Qd1 Qc6 25. Rg3 Rab8 26. Ree3 Rb4 27. Qh5 Re6 28. Ref3 g6 29. Qh4 Qd7 30. Rc3 Qe7 31. Qg4 Bg7 32. Qd1 Qb7 33. Rge3 Bf6 34. Re2 Bg5 35. f3 Qb6 36. Kh1 Re8 37. Nf1 Rb8 38. Ne3 Bxe3 39. Rexe3 Nb3 40. Red3 Nxc1 41. Rxd6 Qf2 42. Rd2 Qb6 43. c5 Qb5 44. c6 Rd4 45. Qxc1 Rc8 46. Rdc2 Kg7 47. Rc5 Qb6 48. Rd5 Qc7 49. Rcc5 Re8 50. Qc3 Rd8 51. Rxd8 Qxd8 52. Rd5 Qb6 53. c7 a3 54. bxa3 1-0

[Event "SWE-chT 1516 Superettan"]
[Site "Sweden"]
[Date "2016.01.30"]
[Round "5"]
[White "Lekander, Rolf Ake"]
[Black "Svenn, Gosta"]
[Result "0-1"]
[WhiteElo "2239"]
[BlackElo "2283"]
[PlyCount "76"]
[EventDate "2015.11.06"]
[EventType "team-tourn"]
[EventRounds "9"]
[EventCountry "SWE"]
[SourceTitle "EXT 2018"]
[Source "ChessBase"]
[SourceDate "2017.10.13"]
[SourceVersion "1"]
[SourceVersionDate "2017.10.13"]
[SourceQuality "1"]
[WhiteTeam "Vaxjo"]
[BlackTeam "Kamraterna"]
[WhiteTeamCountry "SWE"]
[BlackTeamCountry "SWE"]

1. Nf3 Nf6 2. c4 g6 3. g3 Bg7 4. Bg2 0-0 5. 0-0 d6 6. Nc3 e5 7. d4 Nbd7 8. b3 Re8 9. e3 c6 10. Bb2 h6 11. Qc2 exd4 12. Nxd4 a5 13. Rad1 Nc5 14. Rfe1 Qb6 15. h3 a4 16. Rb1 Nfd7 17. Ba1 axb3 18. axb3 Qb4 19. Red1 Ne5 20. Nce2 Qb6 21. b4 Ne6 22. f4 Nd7 23. Kh2 Nxd4 24. Bxd4 Bxd4 25. exd4 Nf6 26. c5 Qc7 27. Ra1 Bf5 28. Qb2 Rxa1 29. Rxa1 h5 30. Nc3 dxc5 31. dxc5 h4 32. Qf2 hxg3+ 33. Qxg3 Nh5 34. Qf2 Nxf4 35. Qg3 Qe5 36. b5 cxb5 37. Rf1 Nxg2 38. Qxe5 Rxe5 0-1

[Event "SWE-chT2 1213"]
[Site "Sweden"]
[Date "2013.02.23"]
[Round "6"]
[White "Svenn, Gosta"]
[Black "Larsson, Patric"]
[Result "1-0"]
[WhiteElo "2298"]
[BlackElo "2041"]
[PlyCount "77"]
[EventDate "2012.10.20"]
[EventType "team-tourn"]
[EventRounds "9"]
[EventCountry "SWE"]
[SourceTitle "EXT 2015"]
[Source "ChessBase"]
[SourceDate "2014.11.20"]
[SourceVersion "1"]
[SourceVersionDate "2014.11.20"]
[SourceQuality "1"]
[WhiteTeam "Kamraterna"]
[BlackTeam "Orebro"]
[WhiteTeamCountry "SWE"]
[BlackTeamCountry "SWE"]

1. Nf3 Nf6 2. b3 g6 3. Bb2 Bg7 4. e3 0-0 5. Be2 c5 6. c4 Nc6 7. 0-0 d5 8. cxd5 Nxd5 9. Bxg7 Kxg7 10. Qc2 Qd6 11. a3 Bd7 12. d3 Qf6 13. Ra2 Rac8 14. Rc1 b6 15. Nc3 Nxc3 16. Qxc3 Be6 17. Nd2 Qxc3 18. Rxc3 f5 19. Rac2 Ne5 20. f4 Nf7 21. Nc4 Bxc4 22. bxc4 Rcd8 23. a4 e5 24. a5 Rd6 25. Rb2 e4 26. dxe4 fxe4 27. axb6 axb6 28. Ra3 Rb8 29. Ra7 h5 30. Rba2 Kf6 31. Rc7 Nd8 32. Raa7 Rd2 33. Kf2 Rd6 34. g3 Rd2 35. h3 Rd6 36. g4 hxg4 37. hxg4 g5 38. Rh7 gxf4 39. Rh6+ 1-0

[Event "SWE-chT 1011"]
[Site "Sweden"]
[Date "2010.11.14"]
[Round "4"]
[White "Moberg, Karl Johan"]
[Black "Svenn, Gosta"]
[Result "1/2-1/2"]
[WhiteElo "2290"]
[BlackElo "2309"]
[PlyCount "83"]
[EventDate "2010.10.08"]
[EventType "team-tourn"]
[EventRounds "11"]
[EventCountry "SWE"]
[SourceTitle "CBM 138 Extra"]
[Source "ChessBase"]
[SourceDate "2010.10.29"]
[SourceVersion "1"]
[SourceVersionDate "2010.10.29"]
[SourceQuality "1"]
[WhiteTeam "Manhem"]
[BlackTeam "Kamraterna"]
[WhiteTeamCountry "SWE"]
[BlackTeamCountry "SWE"]

1. d4 Nf6 2. c4 d6 3. Nc3 Nbd7 4. e4 e5 5. d5 Be7 6. Bd3 0-0 7. h3 c6 8. Be3 cxd5 9. cxd5 Ne8 10. Nf3 g6 11. g4 Ng7 12. Rg1 Nf6 13. Qe2 Nfe8 14. 0-0-0 Kh8 15. Bh6 a6 16. Kb1 b5 17. Rc1 Nf6 18. Nd1 Bd7 19. Bd2 Rc8 20. Ne3 Rxc1+ 21. Rxc1 Qb6 22. Qe1 Rc8 23. Rxc8+ Bxc8 24. Ba5 Qb7 25. Nd2 Nfe8 26. Nb3 Bh4 27. Bd2 Qe7 28. Ng2 Bg5 29. Na5 Bxd2 30. Qxd2 Qf6 31. Qe3 h5 32. g5 Qe7 33. Nc6 Qd7 34. h4 Qg4 35. Bf1 Qd1+ 36. Qc1 Qf3 37. Qe3 Qd1+ 38. Qc1 Qf3 39. Qe3 Qd1+ 40. Qc1 Qf3 41. Qe3 Qd1+ 42. Qc1 1/2-1/2

[Event "SWE-chT 0910"]
[Site "Sweden"]
[Date "2010.03.13"]
[Round "10"]
[White "Sjodahl, Pontus"]
[Black "Svenn, Gosta"]
[Result "1-0"]
[WhiteElo "2421"]
[BlackElo "2336"]
[PlyCount "93"]
[EventDate "2009.10.16"]
[EventType "team"]
[EventRounds "11"]
[EventCountry "SWE"]
[SourceTitle "EXT 2011"]
[Source "ChessBase"]
[SourceDate "2010.11.26"]
[SourceVersion "1"]
[SourceVersionDate "2010.11.26"]
[SourceQuality "1"]
[WhiteTeam "Vasteras"]
[BlackTeam "Kamraterna"]
[WhiteTeamCountry "SWE"]
[BlackTeamCountry "SWE"]

1. d4 Nf6 2. c4 c5 3. d5 e5 4. Nc3 d6 5. e4 Be7 6. Nf3 0-0 7. h3 Nbd7 8. Be3 a6 9. a4 Ne8 10. Bd3 Rb8 11. Qc2 Nc7 12. 0-0 Nf6 13. Kh2 Nh5 14. g3 h6 15. Ng1 Bg5 16. f4 exf4 17. gxf4 Bh4 18. Qg2 f5 19. Nge2 Qf6 20. Qf3 g6 21. Rg1 Kh7 22. Rg2 Bd7 23. Rag1 Rg8 24. Bd2 Rbf8 25. exf5 Bxf5 26. Ne4 Qe7 27. b4 b6 28. a5 Re8 29. Ng5+ hxg5 30. Bxf5 Ng7 31. Bd3 bxa5 32. bxc5 dxc5 33. Qg4 Rgf8 34. Kh1 Kg8 35. Bxg6 Rb8 36. fxg5 Bf2 37. Rf1 Be3 38. Rxf8+ Rxf8 39. Bxe3 Qxe3 40. Kh2 Nce8 41. Qh4 Rf3 42. Bh7+ Kf8 43. Be4 Rf7 44. Bg6 Rf3 45. Be4 Rf7 46. g6 Rf6 47. d6 1-0

[Event "SWE-chT 0910"]
[Site "Sweden"]
[Date "2009.12.05"]
[Round "5"]
[White "Safholm, Sten"]
[Black "Svenn, Gosta"]
[Result "0-1"]
[WhiteElo "2086"]
[BlackElo "2336"]
[PlyCount "80"]
[EventDate "2009.10.16"]
[EventType "team"]
[EventRounds "11"]
[EventCountry "SWE"]
[SourceTitle "EXT 2011"]
[Source "ChessBase"]
[SourceDate "2010.11.26"]
[SourceVersion "1"]
[SourceVersionDate "2010.11.26"]
[SourceQuality "1"]
[WhiteTeam "Wasa"]
[BlackTeam "Kamraterna"]
[WhiteTeamCountry "SWE"]
[BlackTeamCountry "SWE"]

1. e4 e6 2. d4 b6 3. Nc3 Bb7 4. Nf3 Bb4 5. Bd3 Nf6 6. Qe2 d5 7. e5 Ne4 8. Bd2 Nxd2 9. Qxd2 h6 10. h4 c5 11. a3 Ba5 12. Kf1 0-0 13. Qf4 Bxc3 14. bxc3 Ba6 15. Rh3 Bxd3+ 16. cxd3 Qe7 17. Rg3 Kh8 18. Qg4 Rg8 19. Qh5 Nd7 20. Ng5 Rgf8 21. Nf3 f6 22. exf6 Qxf6 23. Rg6 Qf7 24. Qg4 Rae8 25. Qg3 Kh7 26. h5 e5 27. dxe5 Nxe5 28. Nxe5 Rxe5 29. Re1 Rxh5 30. Ree6 Rh1+ 31. Ke2 Ra1 32. f3 d4 33. cxd4 cxd4 34. Qg4 Rc8 35. Kf2 Rc2+ 36. Kg3 Raa2 37. Rxh6+ Kg8 38. Rh2 Rc5 39. Qh4 Qxe6 40. Qh7+ Kf7 0-1

[Event "SWE-chT 0910"]
[Site "Sweden"]
[Date "2009.10.17"]
[Round "2"]
[White "Svenn, Gosta"]
[Black "Hedman, Erik"]
[Result "0-1"]
[WhiteElo "2336"]
[BlackElo "2377"]
[PlyCount "75"]
[EventDate "2009.10.16"]
[EventType "team"]
[EventRounds "11"]
[EventCountry "SWE"]
[SourceTitle "EXT 2011"]
[Source "ChessBase"]
[SourceDate "2010.11.26"]
[SourceVersion "1"]
[SourceVersionDate "2010.11.26"]
[SourceQuality "1"]
[WhiteTeam "Kamraterna"]
[BlackTeam "Stockholm Rockaden"]
[WhiteTeamCountry "SWE"]
[BlackTeamCountry "SWE"]

1. d4 Nf6 2. c4 c5 3. d5 e6 4. Nc3 exd5 5. cxd5 d6 6. e4 g6 7. Nf3 Bg7 8. Bg5 0-0 9. Nd2 Re8 10. Be2 b6 11. 0-0 Ba6 12. Kh1 Qd7 13. f4 h6 14. Bh4 Nh7 15. a4 f5 16. Ra3 Nf6 17. exf5 Bxe2 18. Nxe2 Qxf5 19. Nc4 Qxd5 20. Qc2 Qe4 21. Qc1 Qc6 22. Ng3 Nbd7 23. Qc2 Kh7 24. Raf3 a6 25. Qd3 d5 26. Ne5 Nxe5 27. fxe5 Ng4 28. Rf7 Nxe5 29. Nh5 Rg8 30. Nxg7 Raf8 31. Rxf8 Nxd3 32. Ne8 Qxe8 33. Rxe8 Rxe8 34. Rf7+ Kg8 35. Rb7 Re6 36. b3 Ne1 37. Ra7 g5 38. g4 0-1

[Event "SWE-chT 0809"]
[Site "Sweden"]
[Date "2009.02.28"]
[Round "8"]
[White "Svenn, Gosta"]
[Black "Nygren, Kim"]
[Result "0-1"]
[WhiteElo "2378"]
[BlackElo "2295"]
[PlyCount "80"]
[EventDate "2008.10.25"]
[EventType "team-tourn"]
[EventRounds "11"]
[EventCountry "SWE"]
[SourceTitle "EXT 2011"]
[Source "ChessBase"]
[SourceDate "2010.11.26"]
[SourceVersion "1"]
[SourceVersionDate "2010.11.26"]
[SourceQuality "1"]

1. d4 Nf6 2. Nf3 g6 3. c4 Bg7 4. Nc3 0-0 5. e4 d6 6. Be2 e5 7. 0-0 Nc6 8. d5 Ne7 9. Ne1 Nd7 10. Nd3 f5 11. a4 Nf6 12. f3 f4 13. c5 g5 14. a5 Ng6 15. a6 bxa6 16. Nb4 Nd7 17. Nc6 Qf6 18. cxd6 cxd6 19. Bxa6 Bxa6 20. Rxa6 g4 21. b4 gxf3 22. gxf3 Nh4 23. Kh1 Rf7 24. Rg1 Kh8 25. Qf1 Bh6 26. Qh3 Nb6 27. Bd2 Bg5 28. Be1 h6 29. Nb5 Nc4 30. Rxa7 Raxa7 31. Nbxa7 Ng6 32. b5 Rg7 33. Qe6 Kh7 34. Qxf6 Bxf6 35. Bf2 Rb7 36. b6 Bh4 37. Bxh4 Nxh4 38. Rc1 Rxb6 39. h3 Rb2 40. Rf1 Ne3 0-1

[Event "SWE-chT 0809"]
[Site "Sweden"]
[Date "2009.01.17"]
[Round "6"]
[White "Svenn, Gosta"]
[Black "Bejtovic, Jasmin"]
[Result "0-1"]
[WhiteElo "2378"]
[BlackElo "2337"]
[PlyCount "82"]
[EventDate "2008.10.25"]
[EventType "team-tourn"]
[EventRounds "11"]
[EventCountry "SWE"]
[SourceTitle "EXT 2011"]
[Source "ChessBase"]
[SourceDate "2010.11.26"]
[SourceVersion "1"]
[SourceVersionDate "2010.11.26"]
[SourceQuality "1"]

1. c4 e5 2. Nc3 Nc6 3. g3 g6 4. Bg2 Bg7 5. d3 d6 6. e4 Nge7 7. Nge2 0-0 8. 0-0 Be6 9. Nd5 Qd7 10. Bg5 f6 11. Be3 f5 12. Qd2 Rae8 13. Rac1 Nd4 14. Nxd4 exd4 15. Bg5 Nc6 16. f4 a5 17. Rfe1 b6 18. a3 a4 19. exf5 Bxf5 20. Rxe8 Rxe8 21. Nf6+ Bxf6 22. Bxf6 Kf7 23. Bg5 Na5 24. Bd5+ Kg7 25. Qf2 Nb3 26. Rd1 c6 27. Bg2 Re3 28. Re1 Qe8 29. Be4 Rxe1+ 30. Qxe1 d5 31. g4 Bd7 32. Qh4 dxe4 33. dxe4 d3 34. Bh6+ Kf7 35. e5 Kg8 36. Qf6 Qf7 37. Qd8+ Be8 38. f5 gxf5 39. gxf5 d2 40. Bxd2 Nxd2 41. e6 Qxf5 0-1

[Event "SWE-chT 0809"]
[Site "Sweden"]
[Date "2008.12.07"]
[Round "5"]
[White "Svenn, Gosta"]
[Black "Magnusson, Jorgen"]
[Result "1/2-1/2"]
[WhiteElo "2378"]
[BlackElo "2295"]
[PlyCount "88"]
[EventDate "2008.10.25"]
[EventType "team-tourn"]
[EventRounds "11"]
[EventCountry "SWE"]
[SourceTitle "EXT 2011"]
[Source "ChessBase"]
[SourceDate "2010.11.26"]
[SourceVersion "1"]
[SourceVersionDate "2010.11.26"]
[SourceQuality "1"]

1. d4 f5 2. g3 Nf6 3. Bg2 g6 4. c4 Bg7 5. Nc3 0-0 6. Nh3 Nc6 7. Nf4 d6 8. d5 Ne5 9. b3 c5 10. 0-0 Rb8 11. Qc2 Ne8 12. Bb2 Nc7 13. Nd3 Bd7 14. Nd1 Nxd3 15. Bxg7 Kxg7 16. Qxd3 b5 17. Qc3+ Kg8 18. f4 bxc4 19. bxc4 Ne8 20. e4 fxe4 21. Nf2 Nf6 22. Nxe4 Bf5 23. Rae1 Bxe4 24. Bxe4 Qb6 25. Bg2 Rfe8 26. Re2 Qa6 27. Bh3 Rb4 28. Rxe7 Rxe7 29. Qxf6 Rbb7 30. Be6+ Rxe6 31. Qxe6+ Rf7 32. Qe2 Qb6 33. Re1 Qb4 34. Qe4 Kg7 35. Re2 Qc3 36. Kg2 a5 37. h4 h5 38. Kh3 a4 39. Re3 Qa1 40. Re2 Qc3 41. Kg2 Qc1 42. Rf2 Qc3 43. Kh2 Qc1 44. Rg2 Qf1 1/2-1/2

[Event "SWE-chT 0708"]
[Site "Sweden"]
[Date "2008.03.07"]
[Round "9"]
[White "Svenn, Gosta"]
[Black "Glimbrant, Torbjorn"]
[Result "1-0"]
[WhiteElo "2358"]
[BlackElo "2313"]
[PlyCount "81"]
[EventDate "2007.10.19"]
[EventType "team"]
[EventRounds "11"]
[EventCountry "SWE"]
[SourceTitle "EXT 2009"]
[Source "ChessBase"]
[SourceDate "2008.11.26"]
[SourceVersion "1"]
[SourceVersionDate "2008.11.26"]
[SourceQuality "1"]
[WhiteTeam "Kamraterna"]
[BlackTeam "Upsala"]
[WhiteTeamCountry "SWE"]
[BlackTeamCountry "SWE"]

1. d4 d5 2. c4 e6 3. Nf3 Nf6 4. g3 Bb4+ 5. Bd2 Be7 6. Bg2 0-0 7. 0-0 c6 8. Qc2 b6 9. Rd1 Bb7 10. Bf4 Nbd7 11. Nc3 Rc8 12. e4 dxe4 13. Nxe4 Nxe4 14. Qxe4 Nf6 15. Qc2 Bd6 16. Ne5 Nh5 17. Be3 Qc7 18. c5 bxc5 19. Nc4 Be7 20. dxc5 Ba6 21. Nd6 Rb8 22. a3 Rfd8 23. Bf3 Nf6 24. Bf4 Nd5 25. Bxd5 cxd5 26. Nxf7 Qc6 27. Bxb8 Kxf7 28. Be5 Kg8 29. Qc3 Bb7 30. Qd4 Bxc5 31. Qg4 g6 32. Rac1 d4 33. f3 d3+ 34. Kg2 d2 35. Rxc5 Qxc5 36. Qxe6+ Kf8 37. Bf4 g5 38. Qf6+ Ke8 39. Qe6+ Kf8 40. Qf6+ Ke8 41. Bxg5 1-0